000 00492 a2200169 4500
003 OSt
005 20231218143710.0
008 231218b |||||||| |||| 00| 0 eng d
020 _a9789350723654
040 _coclc
082 _a891.43
_bSHA/S
100 _aShailaja
_910170
245 _aSAMKALIN HINDI KAHANI BADALTE JIVAN SANDARBH /
_cShailaja
260 _aNew Delhi:
_bVani Prakashan,
_c2017.
300 _a168p
942 _2ddc
_cBK
_h891.43
_iSHA/S
_k891.43
_mSHA/S
999 _c43477
_d43477